Selbst- und Fremdwahrnehmung im Religionsunterricht: der Beitrag religiöser Bildung zu einer "gelingenden Identitätsarbeit"
| Subtitles: | Selbstwahrnehmung |
|---|---|
| Main Author: | |
| Format: | Print Article |
| Language: | German |
| Check availability: | HBZ Gateway |
| Interlibrary Loan: | Interlibrary Loan for the Fachinformationsdienste (Specialized Information Services in Germany) |
| Published: |
2012
|
| In: |
Zeitschrift für Pädagogik und Theologie
Year: 2012, Volume: 64, Issue: 2, Pages: 178-188 |
| Standardized Subjects / Keyword chains: | B
Identity development
/ Religious development
/ Religious education
B Bodiliness / Manner of living / Identity development |
| RelBib Classification: | AE Psychology of religion NBE Anthropology RF Christian education; catechetics |
| Online Access: |
Volltext (kostenfrei) Volltext (kostenfrei) Volltext (lizenzpflichtig) |
MARC
| LEADER | 00000caa a2200000 c 4500 | ||
|---|---|---|---|
| 001 | 1646013433 | ||
| 003 | DE-627 | ||
| 005 | 20220616123545.0 | ||
| 007 | tu | ||
| 008 | 160405s2012 xx ||||| 00| ||ger c | ||
| 035 | |a (DE-627)1646013433 | ||
| 035 | |a (DE-576)46681464X | ||
| 035 | |a (DE-599)BSZ46681464X | ||
| 040 | |a DE-627 |b ger |c DE-627 |e rakwb | ||
| 041 | |a ger | ||
| 084 | |a 1 |a 0 |2 ssgn | ||
| 100 | 1 | |0 (DE-588)132721813 |0 (DE-627)525917527 |0 (DE-576)262926873 |4 aut |a Käbisch, David |d 1975-2024 | |
| 109 | |a Käbisch, David 1975-2024 |a Käbisch-Lepetit, David 1975-2024 |a Lepetit, David Käbisch- 1975-2024 | ||
| 245 | 1 | 0 | |a Selbst- und Fremdwahrnehmung im Religionsunterricht |b der Beitrag religiöser Bildung zu einer "gelingenden Identitätsarbeit" |c David Käbisch |
| 246 | 3 | 3 | |a Selbstwahrnehmung |
| 264 | 1 | |c 2012 | |
| 336 | |a Text |b txt |2 rdacontent | ||
| 337 | |a ohne Hilfsmittel zu benutzen |b n |2 rdamedia | ||
| 338 | |a Band |b nc |2 rdacarrier | ||
| 601 | |a Religionsunterricht | ||
| 601 | |a Beitrag | ||
| 601 | |a Bildung | ||
| 652 | |a AE:NBE:RF | ||
| 689 | 0 | 0 | |d s |0 (DE-588)4138616-4 |0 (DE-627)10435366X |0 (DE-576)209687568 |2 gnd |a Identitätsentwicklung |
| 689 | 0 | 1 | |d s |0 (DE-588)4138014-9 |0 (DE-627)105645729 |0 (DE-576)209682493 |2 gnd |a Religiöse Entwicklung |
| 689 | 0 | 2 | |d s |0 (DE-588)4130226-6 |0 (DE-627)104418583 |0 (DE-576)209617160 |2 gnd |a Religiöse Erziehung |
| 689 | 0 | |5 (DE-627) | |
| 689 | 1 | 0 | |d s |0 (DE-588)4114388-7 |0 (DE-627)105822558 |0 (DE-576)209484209 |2 gnd |a Leiblichkeit |
| 689 | 1 | 1 | |d s |0 (DE-588)4034864-7 |0 (DE-627)104682760 |0 (DE-576)209009500 |2 gnd |a Lebensführung |
| 689 | 1 | 2 | |d s |0 (DE-588)4138616-4 |0 (DE-627)10435366X |0 (DE-576)209687568 |2 gnd |a Identitätsentwicklung |
| 689 | 1 | |5 (DE-627) | |
| 773 | 0 | 8 | |i In |t Zeitschrift für Pädagogik und Theologie |d Berlin : De Gruyter, 1998 |g 64(2012), 2, Seite 178-188 |w (DE-627)242920446 |w (DE-600)1424110-9 |w (DE-576)065483332 |x 1437-7160 |7 nnas |
| 773 | 1 | 8 | |g volume:64 |g year:2012 |g number:2 |g pages:178-188 |
| 776 | 1 | |o 10.15496/publikation-61371 | |
| 776 | 1 | |o 10.1515/zpt-2012-0209 | |
| 856 | 4 | 1 | |u http://dx.doi.org/10.15496/publikation-61371 |x Resolving-System |z kostenfrei |3 Volltext |7 0 |
| 856 | 4 | 1 | |u http://hdl.handle.net/10900/119998 |x Resolving-System |z kostenfrei |3 Volltext |7 0 |
| 856 | 4 | 1 | |u https://doi.org/10.1515/zpt-2012-0209 |x Verlag |x Resolving-System |z lizenzpflichtig |3 Volltext |7 1 |
| 935 | |a mteo | ||
| 951 | |a AR | ||
| ELC | |b 1 | ||
| ITA | |a 1 |t 1 | ||
| LOK | |0 000 xxxxxcx a22 zn 4500 | ||
| LOK | |0 001 3316487999 | ||
| LOK | |0 003 DE-627 | ||
| LOK | |0 004 1646013433 | ||
| LOK | |0 005 20200512102132 | ||
| LOK | |0 008 160404||||||||||||||||ger||||||| | ||
| LOK | |0 040 |a DE-Tue135 |c DE-627 |d DE-Tue135 | ||
| LOK | |0 092 |o n | ||
| LOK | |0 852 |a DE-Tue135 | ||
| LOK | |0 852 1 |9 00 | ||
| LOK | |0 866 |x #053 | ||
| LOK | |0 935 |a ixzs |a ixmi |a ixzw | ||
| LOK | |0 936ln |0 1442043024 |a AE | ||
| LOK | |0 936ln |0 1442053151 |a RF | ||
| LOK | |0 936ln |0 144205168X |a NBE | ||
| LOK | |0 939 |a 04-04-16 |b l01 | ||
| OAS | |a 1 | ||
| ORI | |a SA-MARC-ixtheoa001.raw | ||
| REL | |a 1 | ||
| STA | 0 | 0 | |a Bodiliness,Bodiliness,Identity development,Manner of living,Manner of living,Course of life,Religious development,Religious education |
| STB | 0 | 0 | |a Corporalité,Corporalité,Corporéité,Corporéité,Corporéité (motif),Corporéité,Développement de l'Identité,Mode de vie,Mode de vie,Éducation religieuse,Évolution religieuse |
| STC | 0 | 0 | |a Corporeidad,Corporeidad,Desarrollo de la identidad,Desarrollo religioso,Educación religiosa,Modo de vida,Modo de vida |
| STD | 0 | 0 | |a Condotta di vita,Condotta di vita,Corporeità <motivo>,Corporeità,Fisicità,Fisicità,Fisicità (motivo),Fisicità,Educazione religiosa,Evoluzione religiosa,Sviluppo dell'identità |
| STE | 0 | 0 | |a 体格,体格,体态,体态,宗教发展,宗教教育,生活方式,生活方式,身份发展 |
| STF | 0 | 0 | |a 宗教教育,宗教發展,生活方式,生活方式,身份發展,體格,體格,體態,體態 |
| STG | 0 | 0 | |a Corporeidade,Corporeidade,Desenvolvimento da identidade,Desenvolvimento religioso,Educação religiosa,Modo de vida,Modo de vida |
| STH | 0 | 0 | |a Образ жизни (мотив),Образ жизни,Развитие личности,Религиозное воспитание,Религиозное развитие,Телесность (мотив),Телесность |
| STI | 0 | 0 | |a Ανάπτυξη της ταυτότητας,Θρησκευτική ανάπτυξη,Θρησκευτική εκπαίδευση,Σωματικότητα (μοτίβο),Σωματικότητα,Τρόπος ζωής (μοτίβο),Τρόπος ζωής |
| SUB | |a REL | ||
| SYG | 0 | 0 | |a Identität,Identitätsentfaltung,Identitätsbildung , Glaubenserziehung , Körperlichkeit , Lebenstechnik,Lebensgestaltung , Identität,Identitätsentfaltung,Identitätsbildung |



